000 00745nam a2200265 a 4500
001 vtls000969226
003 NLI
005 20210627095154.0
008 120112s1824 enk 000 0 eng
039 9 _y201201121808
_zEntertech_02
040 0 _aNLI
_beng
_cEntertech-2011
_eAACR2
041 0 _aeng
044 _aenk
084 _a108.C.3
100 1 _aMills, Charles,
_d1788-1826
_9880339
245 1 0 _aHistory of Chivalry :
_bknighthood and times /
_cCharles Mills
260 _aLondon :
_bLongman,
_c1824
300 _a2v. ;
_c19 cm.
650 0 _aChivalry
_9795087
887 _a
901 _aIMP56982 :
_b26.8.2010
_9v.1
901 _aIMP56983 :
_b26.8.2010
_9v.2
902 _a108.C.3
999 _aVIRTUA
_c793265
_d793265
942 _2ddc
_cBKS